[Event "Budapest zt 1.4"]
[Site "Budapest"]
[Date "2000.06.18"]
[Round "2"]
[White "Horvath, Jozsef"]
[Black "Vajda, Levente"]
[Result "1-0"]
[WhiteElo "2557"]
[BlackElo "2459"]
[Annotator "Ribli,Z"]
[PlyCount "77"]
[EventDate "2000.06.17"]
[EventType "swiss"]
[EventRounds "9"]
[EventCountry "HUN"]
[SourceTitle "CBM 078"]
[Source "ChessBase"]
[SourceDate "2000.10.18"]
[SourceVersion "1"]
[SourceVersionDate "2000.10.18"]
[SourceQuality "1"]

1. Nf3 Nf6 2. c4 g6 3. g3 Bg7 4. Bg2 O-O 5. O-O d6 6. Nc3 Nbd7 $6 {[%mdl 16384]
Schwarz spielt diesen Zug automatisch und erwartet 7.d4, um nach 7...e5 in
eine Hauptvariante der Königsindischen Verteidigung überzuleiten.} (6... e5 $5)
(6... c5 $5) (6... Nc6 $5) 7. Rb1 e5 8. d3 $14 {Weiß spielt natürlich nicht 8.
d4. Nach dem Textzug steht der Nd7 deplaziert.} a5 9. a3 h6 (9... Re8 $5) (9...
c6 10. Bg5 h6 11. Bd2 d5 12. cxd5 cxd5 (12... Nxd5 13. Qc1 $14) 13. Qc1 Kh7 14.
Nb5 $14) 10. b4 axb4 (10... Ne8 11. Qb3 Kh7 12. e4 c6 13. Be3 Nc7 14. d4 f5 15.
exf5 gxf5 16. dxe5 dxe5 17. Rbd1 axb4 18. axb4 Qe8 19. Nh4 {1/2-1/2 Fries
Nielsen,J-Brondum,E/Esbjerg 1977/EXT 98 (73)}) 11. axb4 Kh7 (11... Re8 12. Nd2
Nf8 13. Bb2 Ne6 14. Ra1 Rxa1 15. Qxa1 Ng5 16. Qa7 c6 17. b5 d5 18. bxc6 bxc6
19. Qc5 Bb7 20. Ra1 Bf8 21. Qa7 Bc8 22. Qa5 {1/2-1/2 Foisor,C-Klinova,M/Pula
1997/CBM 57 ext (50)}) 12. Qc2 $1 {[%cal Gc2h7] Weiß stellt die Entwicklung
des Bc1 zurück. Die Dame steht gut auf c2, denn in einigen Varianten muss
Schwarz mit c4-c5 rechnen, zudem befindt sich der Kh7 in der Diagonale der
weißen Dame.} Ng8 13. Bb2 (13. e4 $5 Ne7 (13... f5 14. exf5 gxf5 15. Bb2 $14)
14. Be3 f5 15. exf5 Nxf5 16. Ne4 $14) (13. c5 $2 dxc5 14. bxc5 Nxc5 15. Nb5 Ne6
16. Ba3 Ne7) 13... f5 14. Ra1 Rb8 (14... Rxa1 15. Rxa1 $14) 15. Ra7 (15. c5
dxc5 16. bxc5 c6 $13 (16... Nxc5 17. Nb5 Ne6 18. Bxe5 Bxe5 19. Nxe5 c6 20. Na3
$14)) 15... Ne7 {[%cal Ge7c6,Gc6a7]} 16. b5 Nc5 17. Na4 {Weiß möchte den
starken Nc5 abtauschen.} (17. Ba3 $5 b6 18. Bxc5 dxc5 19. Nd2 Be6 20. Rfa1 $14)
17... Nxa4 (17... e4 18. dxe4 (18. Nd4 $14) 18... fxe4 19. Nd4 $14) 18. Qxa4 $5
(18. Rxa4 $14) 18... e4 19. Nd4 exd3 20. exd3 f4 $132 21. Be4 {[%csl Ge4] Weiß
befreit seinen Läufer, denn in einigen Varianten könnte Schwarz f4-f3 spielen.}
(21. Re1 f3 $132) 21... Rf7 $5 {[%cal Gd8f8,Gf8f1,Gd8h8,Gh8a1]} 22. Rb1 $5 {
Der Turm verteidigt den Bb2. Zudem möchte Weiß bei nahender Zeitnot den
fehlerhaften Zug c7-c5 provozieren.} Bxd4 (22... Qh8 $1 23. Qa1 Qf8 $1 (23...
c5 24. bxc6 bxc6 25. Nxc6 Bxb2 (25... Rxb2 26. Nxe7 $18) 26. Qa2 $16) 24. f3)
23. Bxd4 Nf5 24. Bc3 Qg5 25. Qa2 $8 {[%mdl 256]} (25. Qc2 $2 fxg3 26. hxg3 Nxg3
27. fxg3 Qe3+ {[%cal Re3g1,Re3a7]}) 25... Be6 $138 (25... fxg3 26. hxg3 Nxg3
27. fxg3 Qxg3+ (27... Qe3+) 28. Qg2 Qe3+ 29. Kh1 Bf5 30. Re1 (30. Rf1 Qxa7 (
30... Rbf8) 31. Rxf5) 30... Qxa7 (30... Rbf8 $1 $13) 31. Bxf5 gxf5 32. Rg1
Qxg1+ 33. Qxg1 $16) 26. Qd2 (26. Rxb7 $2 fxg3 (26... Rxb7 27. Qa8 $16 {[%cal
Ra8b7,Ra8h8]}) 27. hxg3 (27. Rxb8 gxf2+ 28. Kh1 Ng3+ $19) 27... Nxg3 $1 28.
fxg3 Rxb7 29. Bxb7 Qxg3+ 30. Qg2 (30. Bg2 Qe3+ 31. Kh1 Rf5 $19) 30... Qe3+ 31.
Kh1 Rf5 $19) 26... Ne7 $2 (26... fxg3 27. hxg3 Qxd2 28. Bxd2 $16) 27. Rxb7 Rxb7
28. Bxb7 $16 {Weiß besitzt einen gesunden Mehrbauern - Schwarz hat keine
Kompensation.} Qh5 29. Re1 Bg4 (29... f3 30. Bxf3 (30. Rxe6 $6 Qh3 31. Bxf3
Qxe6 32. Bg2 $14) 30... Qxf3 31. Rxe6 $18) 30. Bb2 (30. Ba1 $1) 30... fxg3 31.
hxg3 Bf3 32. Bxf3 Qxf3 33. Re3 (33. Qe3 $5 $16) 33... Qf5 34. Qe2 {[%cal Gb2h8,
Ge2e8]} Ng8 (34... Qd7 35. Re6 $18) 35. Re8 h5 (35... Nf6 36. Re7) 36. Kg2 Qd7
37. Qe4 Rf5 38. Qd4 $18 {Weiß hat nicht nur einen gesunden Mehrbauern, sondern
auch starken Angriff.} Nf6 39. Rf8 (39. Rf8 c5 40. Qc3 $18) 1-0

[Event "POL-ch 59th"]
[Site "Warsaw"]
[Date "2002.04.29"]
[Round "1"]
[White "Stryjecki, Marek"]
[Black "Krasenkow, Michal"]
[Result "0-1"]
[WhiteElo "2456"]
[BlackElo "2641"]
[Annotator "Ribli,Z"]
[PlyCount "82"]
[EventDate "2002.04.29"]
[EventType "tourn"]
[EventRounds "13"]
[EventCountry "POL"]
[EventCategory "10"]
[SourceTitle "CBM 089"]
[Source "ChessBase"]
[SourceDate "2002.08.12"]
[SourceVersion "1"]
[SourceVersionDate "2002.08.12"]
[SourceQuality "1"]

1. g3 e5 2. c4 d6 3. Nc3 g6 4. Bg2 Bg7 5. e4 {Diese Spielweise ist in letzter
Zeit sehr populär. Weiß entwickelt anschließend seinen Königsspringer nach e2
und bekommt trotz der Schwächung des Feldes d4 eine elastische Stellung.} Nf6
6. Nge2 O-O 7. O-O c6 8. d3 (8. d4) 8... a6 {Schwarz bereitet den Zug b7 - b5
vor.} (8... a5 9. h3 Na6 10. Be3 Rb8 11. d4 Be6 12. b3 $14) (8... Ne8 9. d4 Nd7
10. b3 f5 11. Be3 Qe7 12. f3 Ndf6 13. d5 $14) (8... Nbd7) 9. h3 {Das ist ein
üblicher prophylaktischer Zug - damit ermöglicht sich Weiß zum einen die
Entwicklung des Läufers nach e3, zum anderen verteidigt er sich gegen das
mögliche Bg4.} (9. b4 Be6 10. a4 Nh5 11. b5 f5 12. exf5 gxf5 13. bxc6 bxc6 14.
f4 Nf6 15. Rb1 Ra7 16. Ba3 Re8 17. Qd2 {1/2-1/2 Bareev,E-Polgar,J/Cannes 2001/
CBM 82 (39)}) (9. a4 $6 a5 {[%csl Yb4][%cal Gb8a6,Ga6b4]}) 9... b5 10. f4 (10.
Be3) 10... exf4 (10... Nbd7 11. f5 h6 12. g4 Bb7 13. Ng3 b4 14. Na4 d5 15. h4
Nh7 16. g5 hxg5 17. h5 gxh5 18. Qxh5 f6 19. Bf3 $44 {1-0 Spraggett,G-Profit,B/
London 1993/EXT 2002 (32)}) (10... Bb7 11. Be3 Nbd7 12. b3 Re8 13. Qd2 exf4 14.
gxf4 b4 15. Na4 c5 16. Rae1 Qc7 17. Rf2 h6 18. Ng3 {1-0 Franco Ocampos,
Z-Colovic,A/Saint Vincent 2000/CBM 74 ext (31)}) 11. gxf4 (11. Bxf4 Be6 12.
cxb5 axb5 13. a3 Qe7 14. Qd2 {1/2-1/2 Kuligowski,A-Ree,H/Maribor 1980/EXT 2001
(14)}) 11... Nbd7 12. Be3 (12. Ng3 Rb8 13. Nce2 c5 14. Rb1 Bb7 15. b3 Qc7 {
0-1 Giehl,T-Solomunovic,I/Hessen 1997/EXT 2002 (49)}) 12... Bb7 13. a3 Re8 $13
{[%cal Ge8e2] Wir haben eine dynamische Stellung erreicht - Weiß hat ein
starkes Bauernzentrum, aber sein Königsflügel ist ein wenig geschwächt. Die
schwarze Stellung ist ein wenig passiv, aber mit seinen Läufern auf den großen
Diagonalen hat er auch seine Chancen.} 14. Bf2 (14. Ng3 $13) 14... Qc7 15. Qc2
{Das wirkt zunächst ein wenig schablonenhaft, in Wirklichkeit ist dieser Zug
aber nicht schlecht.} (15. cxb5 axb5 16. Rc1 (16. d4 $13) 16... Qa5 $13) 15...
bxc4 16. dxc4 d5 $6 {Dieser interessante Zug führt zu großen Komplikationen.
Ich bezweifle allerdings, dass dies die beste Fortsetzung für Schwarz ist.} (
16... Rab8) (16... Re7) (16... c5) 17. e5 (17. cxd5 cxd5 {[%cal Gc7c2]} 18. e5
Ne4 $13 {[%csl Ge4]} (18... Nh5)) 17... Nh5 18. Rad1 (18. cxd5 cxd5 19. Qb3 $5
{[%csl Rd5]} Nc5 20. Nxd5 Bxd5 (20... Nxb3 21. Nxc7 $16) 21. Qxd5 Ne6 22. Rac1
$16) 18... Bh6 19. Bh4 (19. cxd5 cxd5 20. Qa4 $16) 19... Nb6 (19... dxc4 20.
Ne4 $16 {[%csl Ge4]}) 20. c5 $2 {[%mdl 16384] Der Textzug überlässt Schwarz
die Initiative. Der Nachziehende kann nun, da er mit den Bauern c6-d5 über ein
starkes Zentrum verfügt, ohne Risiko seine Figuren aktivieren.} (20. cxd5 cxd5
21. Qd3 $13 (21. Qb3 $13)) 20... Nc4 {[%csl Gc4][%cal Rc4e3,Re3c2,Re3d1,Re3f1]}
21. Rf3 Bc8 {[%cal Gc8f5,Gf5c2] Schwarz möchte seinen Läufer aktivieren.} 22.
b3 {Weiß ist praktisch gezwungen, den Bauern zu opfern, denn seine Dame steht
schlecht auf c2 und mit Hilfe des Opfers kann Weiß wenigstens die Stellung
seiner Dame verbessern.} Nxa3 (22... Bf5 23. Qa2 Na5 $13) 23. Qa2 Nb5 (23...
Qa5 $2 24. Rd4 $1 (24. Ra1 Bf8 $132) 24... Qxc5 25. b4 $18) 24. Nxb5 cxb5 25.
b4 {Weiß hat einen Bauern weniger, verfügt aber - aufgrund des schwachen Pd5 -
über etwas Kompensation.} Be6 26. Rf2 {[%cal Gg2d5]} (26. Qd2 a5 $13) 26... a5
$1 27. Bxd5 (27. Qd2 axb4 28. Qxb4 (28. Nd4 Qxc5 $17) 28... Bf8 29. Rc1 Rac8
$17) 27... axb4 28. Qd2 (28. Qxa8 Rxa8 29. Bxa8 Qxc5 $19) (28. Qb3 Qxc5 29.
Bxe6 fxe6 $17 (29... Rxe6 $17)) {[#]} 28... Rad8 $1 {[%csl Rd2][%cal Rd8d1]
[%mdl 2048] Schwarz opfert vorübergehend die Qualität, gewinnt am Ende aber
den Bd5.} 29. Bxd8 Rxd8 30. Qxb4 Bxd5 $17 {[%csl Gd5,Gh6] Schwarz hat
Materialvorteil und ein starkes Läuferpaar.} 31. Qxb5 Rb8 32. Qd3 Ba8 {[%csl
Ga8][%cal Ga8h1] Es droht 33...Qc6 oder 33...Qb7.} 33. Qd6 Qc8 {[%cal Rh6f8,
Rf8c5,Rc5g1] Droht 34...Bf8 mit sofortigem Gewinn.} (33... Qb7 $2 34. c6 $132)
34. e6 fxe6 35. Nd4 Bd5 (35... Bf8 $6 36. Qxe6+ Qxe6 37. Nxe6 $15) 36. c6 (36.
f5 Be3 $19) 36... Bf8 37. Qe5 (37. Qd7 Qxd7 38. cxd7 Rd8 $19) 37... Bg7 38. Qd6
Bxd4 $19 39. c7 (39. Rxd4 Rb1+ 40. Rf1 (40. Kh2 Rh1#) 40... Rxf1+ 41. Kxf1 Ng3+
42. Ke1 Nf5 43. Qd7 Qxc6 44. Qxc6 Bxc6 $19) 39... Bxf2+ 40. Kxf2 Ra8 41. Rb1
Nf6 {[%cal Rf6e4,Re4f2,Re4d6]} 0-1

[Event "Minsk"]
[Site "Minsk"]
[Date "1993.??.??"]
[Round "?"]
[White "Rotstein, Arkadij"]
[Black "Dydyshko, Viacheslav"]
[Result "0-1"]
[WhiteElo "2465"]
[BlackElo "2490"]
[Annotator "Ribli,Z"]
[PlyCount "74"]
[EventDate "1993.03.??"]
[EventType "tourn"]
[EventRounds "11"]
[EventCountry "BLR"]
[EventCategory "9"]
[SourceTitle "CBM 036"]
[Source "ChessBase"]
[SourceDate "1993.10.01"]
[SourceVersion "1"]
[SourceVersionDate "1993.10.01"]
[SourceQuality "1"]

1. c4 g6 2. g3 Bg7 3. Bg2 Nf6 4. Nf3 O-O 5. O-O d6 6. Nc3 e5 7. d3 Re8 8. Rb1 (
8. b3 h6 $13 {Vakhidov,T-Yurtaev,L/Bishkek zt/1993/CBM35/} (8... e4 $2 9. dxe4
Nxe4 10. Nxe4 Bxa1 $2 11. Bg5 f6 12. Qxa1 Rxe4 13. Bxf6 Qe8 14. Ng5 $18)) (8.
Ne1 {Beim,V-Peelen,P/Groningen op/1990/CBM22/}) 8... h6 (8... a5 $5 {Renet,
O-Van Wely,L/Brussels zt/1993/EXP34/}) 9. b4 Be6 10. Bb2 Nc6 11. b5 Ne7 12. e4
(12. a4 $5 Nd7 13. Nd2 c6 14. Ba3 $13) 12... Nd7 13. Nh4 Nc5 14. Nd5 (14. f4 $5
) 14... Nxd5 15. cxd5 Bd7 16. Bc3 a6 $1 17. a4 axb5 18. axb5 Ra3 19. Bb4 Ra7
20. Bc3 Qa8 21. f4 $6 Ra3 22. Qd2 Rxc3 $1 23. Qxc3 exf4 24. Qd2 fxg3 25. hxg3
Qa3 $44 26. Qf2 Re7 27. d4 Qc3 $1 28. e5 (28. Rbd1 Nb3 $17) 28... Nd3 29. Qe3
dxe5 30. Be4 (30. Rbd1 e4 $19) 30... Nf4 $1 31. Qxc3 Ne2+ 32. Kh2 Nxc3 33. d6 (
33. Rbe1 Bxb5 $19) 33... cxd6 34. Bxb7 Bxb5 $1 35. Rxb5 Nxb5 36. Bd5 Nc3 $1 37.
Bb3 Rb7 0-1

[Event "Biel-B"]
[Site "Biel"]
[Date "1990.??.??"]
[Round "9"]
[White "Spraggett, Kevin"]
[Black "Barlov, Dragan"]
[Result "1/2-1/2"]
[WhiteElo "2540"]
[BlackElo "2495"]
[Annotator "Ribli,Z"]
[PlyCount "35"]
[EventDate "1990.07.??"]
[EventType "tourn"]
[EventRounds "11"]
[EventCountry "SUI"]
[EventCategory "10"]
[SourceTitle "CBM 019"]
[Source "ChessBase"]
[SourceDate "1990.12.01"]
[SourceVersion "1"]
[SourceVersionDate "1990.12.01"]
[SourceQuality "1"]

1. c4 Nf6 2. g3 g6 3. Bg2 Bg7 4. Nc3 O-O 5. Nf3 d6 6. O-O c6 7. d3 e5 (7... a6
8. Bd2 b5 9. cxb5 axb5 10. b4 e5 11. a4 bxa4 12. Rxa4 Na6 {Georges,S-Fauland,A
Zug 1989 CBM 16}) (7... Nbd7 8. Rb1 a5 9. a3 Nb6 10. Bd2 d5 11. cxd5 cxd5 12.
Nb5 $1 {Polugaevsky}) 8. c5 $5 dxc5 9. Nxe5 Nd5 $1 10. Nxd5 (10. Nc4 Nxc3 11.
bxc3 Bxc3 12. Bh6 Re8 13. Rc1 Bf6 14. Bf4 g5 15. Be3 Na6) 10... cxd5 11. Nf3
Nc6 12. a3 b6 13. Bg5 Qd6 14. Rb1 a5 15. Bf4 Qd8 16. Bg5 Qc7 17. Bf4 Qd8 18.
Bg5 {Ribli} 1/2-1/2

[Event "St Petersburg op"]
[Site "St Petersburg"]
[Date "1994.??.??"]
[Round "8"]
[White "Kavalerov, Aleksandr"]
[Black "Shchekachev, Andrei"]
[Result "0-1"]
[WhiteElo "2325"]
[BlackElo "2470"]
[Annotator "Ribli,Z"]
[PlyCount "74"]
[EventDate "1994.02.??"]
[EventType "swiss"]
[EventRounds "9"]
[EventCountry "RUS"]
[SourceTitle "CBM 041"]
[Source "ChessBase"]
[SourceDate "1994.08.01"]
[SourceVersion "1"]
[SourceVersionDate "1994.08.01"]
[SourceQuality "1"]

1. c4 g6 2. Nc3 Bg7 3. g3 e5 4. Bg2 d6 5. e3 Nf6 6. Nge2 O-O 7. O-O (7. d4 $5)
7... Re8 8. d3 (8. d4 e4 9. f3 exf3 10. Bxf3 Nbd7 11. Nf4 a6 12. Qd2 Rb8 $13 {
Naranja,R-Matulovic,M/Lugano ol/1968/INF06,69/}) 8... c6 9. b4 (9. e4 $5 a6 $13
{Wedberg,T-Pavlovic,M/New York op/1987/CBM02/}) 9... d5 (9... Be6 10. b5 {
remis Mednis,E-Ree,H/Amsterdam OHRA-B/1989/CBM15/}) 10. cxd5 cxd5 11. d4 e4 12.
Nf4 (12. b5 $5 Nbd7 13. Qb3 Nb6 $13) 12... Nc6 13. Qb3 Ne7 14. h4 h6 15. b5 g5
16. hxg5 hxg5 17. Nfe2 Bg4 18. f3 (18. Ba3 Nf5 $36) 18... exf3 19. Bxf3 Bxf3
20. Rxf3 Qd7 21. Kg2 Nf5 22. Qc2 (22. Bd2 $5) 22... Ne4 23. Bd2 Nh4+ $1 24.
gxh4 Qg4+ 25. Ng3 gxh4 26. Qd1 Rac8 $1 (26... h3+ 27. Kh2 Nxd2 28. Rf4 Qxd1 29.
Rxd1 Nc4 30. Nxd5 Nxe3 31. Nxe3 Rxe3 32. Nf5 $10) 27. Ncxe4 (27. Nce2 $2 h3+
$19) 27... dxe4 28. Rf2 Qxg3+ 29. Kf1 Re6 30. Rc1 Rxc1 31. Qxc1 Qh3+ 32. Ke2
Qg4+ 33. Kf1 Rf6 $1 34. Rxf6 Bxf6 35. Qe1 h3 36. Qf2 Bh4 37. Qg1 Bg3 0-1

[Event "Biel Credis"]
[Site "Biel"]
[Date "1997.08.01"]
[Round "10"]
[White "Hertneck, Gerald"]
[Black "Gallagher, Joseph G"]
[Result "1-0"]
[WhiteElo "2525"]
[BlackElo "2525"]
[Annotator "Ribli,Z"]
[PlyCount "62"]
[EventDate "1997.07.20"]
[EventType "tourn"]
[EventRounds "10"]
[EventCountry "SUI"]
[EventCategory "10"]
[SourceTitle "CBM 060"]
[Source "ChessBase"]
[SourceDate "1997.09.29"]
[SourceVersion "1"]
[SourceVersionDate "1997.09.29"]
[SourceQuality "1"]

1. c4 g6 2. g3 Bg7 3. Bg2 d6 4. Nc3 Nf6 5. e3 O-O 6. Nge2 e5 7. O-O Re8 8. d3
a5 {Mit dem Textzug gewinnt Schwarz Raum am Damenflügel und vermeidet
sofortiges b2-b4.} (8... c6 9. e4 Na6 (9... Be6 10. f4 b5 11. f5 {1-0 Karlsson,
L-Santo Roman,M/Cannes 1986 (33)}) 10. h3 Nc5 11. Be3 a5 12. a3 Nfd7 13. b3 Nf8
14. Rb1 f5 15. Qd2 Nfe6 16. b4 {1-0 Kjeldsen,J-Mortensen,E/Festuge op 1991 (29)
}) 9. h3 (9. b3) 9... c6 10. e4 Na6 (10... Nbd7 11. Be3) 11. Be3 (11. f4 exf4
12. Nxf4 Nc5) 11... Nc7 12. d4 {Es ist interessant, eine Tempobilanz
anzustellen. Weiß hat 5.e3 und dann 10.e4 gespielt, und nach 8.d3 er spielt
jetzt 12.d4. Das bedeute zwei Tempi minus. Aber Schwarz spielte Na6-c7, und
für ihn wäe es besser den Springer auf b8 zu haben. Nach dem Textzug haben wir
eine Stellungt typisch Königsindische Stellung.} exd4 13. Nxd4 $14 {Weiß
kontrolliert mehr Raum und hat eine gesunde Stellung. Der Springer auf c7
steht schlecht.} d5 {GM Gallagher spielt immer aktiv.} (13... Ne6 14. Re1 $14 (
14. Qd2 $14)) 14. exd5 cxd5 15. Qb3 $5 {Weiß hält die Spannung und droht auf
d5 nehmen.} (15. c5) 15... a4 $6 {In positionell schlechter Stellung beginnt
Schwarz im Trüben zu fischen.} (15... dxc4 16. Qxc4 $14 {[%csl Rb5,Rb6,Rc7,Gg2]
Weißhat Entwicklungsvorteil und eine aktive Stellung, weil Schwarz Probleme am
Damenflügel hat.}) (15... Ne4 16. Nxe4 (16. cxd5 Bxd4 17. Nxe4 Bxe3 (17... a4
18. Qc2 Bxe3 19. fxe3 Nxd5 20. Rad1 $36) 18. fxe3 Bf5 (18... Nxd5 $2 19. Qxd5
Qxd5 20. Nf6+ $18) 19. Nf2 $16) 16... dxe4 17. Rfd1 $14) 16. Nxa4 dxc4 17. Qxc4
Nfd5 (17... b5 18. Nxb5 Ba6 19. Nac3 $16 (19. Qxc7 Bxb5 {[%cal Rb5a4,Rb5f1]}) (
19. Bxa8 Bxb5 $17) 19... Rc8 20. Qb3) 18. Rad1 $1 Ra5 19. Qb3 Nxe3 20. fxe3 {
[%csl Rf7][%cal Rb3f7,Rf1f7,Gd1d8] Das schwarze Läuferpaar spielt keine aktive
Rolle und beide weißen Türme stehen aktiv. Und noch dazu hat Weiß hat einen
Bauern mehr.} Qe7 21. Nb6 Rg5 (21... Qxe3+ $2 22. Qxe3 Rxe3 23. Nxc8) 22. Nxc8
Rxc8 23. Qxb7 Qxe3+ {Weiß beherrscht die weißen Felder und Schwarz die
schwarzen Felder..} 24. Kh1 Rf8 25. Rf3 $5 (25. Qxc7 $6 Bxd4 26. Rf3 Qe5 27.
Qxe5 Bxe5 {[%csl Rb2,Rg3]}) 25... Qe5 (25... Qe7 26. Nc6) 26. Nc6 Qe2 $8 27.
Rdf1 {[%csl Rc7,Rf7]} Ne6 28. Rxf7 $18 {Der weiße König steht sicher, während
sich der schwarze in großer Not befindet. Übrigens hat Weißt bereits zwei
Bauern mehr.} Rxg3 29. Rxg7+ {Eine schoene kleine Kombination,was gewinnt
sofort.Ribli.} Nxg7 30. Bd5+ (30. Ne7+ Qxe7 31. Qxe7 $18) 30... Ne6 31. Rxf8+
Kxf8 {Und Schwarz muss aufgeben, denn es folgt.} (31... Kxf8 32. Qe7+ Kg8 33.
Bxe6+ {mit weißem Gewinn.}) 1-0

[Event "ISR-ch"]
[Site "Jerusalem"]
[Date "1996.??.??"]
[Round "8"]
[White "Godes, Dmitry R"]
[Black "Maryasin, Boris Feliksovich"]
[Result "1-0"]
[WhiteElo "2380"]
[BlackElo "2400"]
[Annotator "Ribli,Z"]
[PlyCount "69"]
[EventDate "1996.10.26"]
[EventType "swiss"]
[EventRounds "9"]
[EventCountry "ISR"]
[SourceTitle "CBM 056"]
[Source "ChessBase"]
[SourceDate "1997.02.01"]
[SourceVersion "1"]
[SourceVersionDate "1997.02.01"]
[SourceQuality "1"]

1. c4 Nf6 2. Nf3 g6 3. g3 Bg7 4. Bg2 O-O 5. O-O d6 6. Nc3 e5 7. d3 c6 (7... Nc6
$5 {A 26}) 8. Rb1 a5 9. a3 Re8 10. b4 Na6 (10... axb4 $142 11. axb4 d5 12. cxd5
cxd5 13. Bg5 Be6 14. e4 d4 15. Nd5 Nbd7 {Vaganian -Kasparov,Riga 1995, CBM47,
mit gleichen Chancen.}) 11. e4 axb4 12. axb4 Nc7 {Es wäre logischer, d6-d5 im
zehnten Zug zu ziehen, aber es geht - denke ich - auch jetzt.Ribli.} (12... d5
13. cxd5 (13. b5 dxe4 14. bxa6 exf3 15. axb7 Bxb7 16. Bxf3) 13... cxd5 14. Bg5
d4 (14... dxe4 15. dxe4 (15. Nxe4) 15... Qxd1 16. Rfxd1 Bg4) 15. Nd5 Qd6 16.
Bxf6 Bxf6 17. Nd2 b5) 13. Re1 Ne6 $2 {Von hier aus kontrolliert der Springer
den Punkt d4, die Hauptidee in dieser Variante besteht aber meiner Meinung
nach in d6-d5.Ribli.} (13... d5 14. exd5 cxd5 15. Rxe5 (15. Nxe5 dxc4 16. dxc4
(16. Nxc4 Rxe1+ 17. Qxe1 Qxd3 18. Bf1 (18. Nb6 Ng4 19. Bd2 (19. Nxa8 Bxc3)
19... Bd4)) 16... Qxd1 17. Nxd1 Bf5) 15... Rxe5 16. Nxe5 dxc4 17. dxc4 (17.
Nxc4 Bf5 18. Bxb7 Rb8) 17... Qxd1+ 18. Nxd1 Bf5 19. Rb3 (19. Rb2 Ra1) 19... Bc2
) 14. h3 Nh5 15. Be3 Nd4 (15... f5 16. exf5 gxf5 17. Nh4) (15... c5 $6) 16.
Bxd4 exd4 17. Ne2 c5 18. bxc5 dxc5 19. g4 Nf6 20. Nf4 $14 {Weiß hat eine
bessere Stellung, da der Pb7 dauerhaft schwach ist und der Bg7 keine Zukunft
hat.Ribli.} g5 $6 {Das ist ein antipositioneller Zug. Schwarz schwächt die
weißen Felder in seiner Stellung.Ribli.} 21. Nd5 Nxd5 22. exd5 Rf8 23. Qe2 Ra3
24. Nd2 Ra2 25. Ra1 $1 {Weiß tauscht die einzige gute Figur von Schwarz ab.
Ribli.} Rxa1 26. Rxa1 f5 {Dieser scheinbar aktive Zug schwächt die schwarze
Königsstellung, aber guter Rat ist ohnehin teuer. Die weiße Drohung war 27.Be4
mit Blokade auf den weißen Feldern.Ribli} 27. gxf5 Bxf5 28. Be4 Bxh3 $6 (28...
Qd7) 29. Bxh7+ Kxh7 30. Qh5+ Bh6 31. Qxh3 g4 32. Qh5 Qf6 33. Ne4 $18 {Dieser
sogenannte "gute"Springer ist ideal postiert. Schwarz hat keinerlei Hoffnung.
Ribli.} Qf4 34. Rb1 Kh8 35. Rb6 {Ribli} 1-0